| 000 | 00359nam a2200157Ia 4500 | ||
|---|---|---|---|
| 003 | OSt | ||
| 005 | 20240205152551.0 | ||
| 008 | 170523s9999 xx 000 0 und d | ||
| 020 | _a978-8120305670 | ||
| 040 | _ciimt university meerut | ||
| 100 | _aSTILL- CUNDIFF | ||
| 245 | 0 | _aSALES MANAGEMENT | |
| 260 | _bNEW DELHI PHI | ||
| 260 | _c1999 | ||
| 942 |
_2ddc _c02 |
||
| 999 |
_c317 _d317 |
||